| 000 | 01104nam a2200217Ia 4500 | ||
|---|---|---|---|
| 003 | Ost | ||
| 005 | 20260507075635.0 | ||
| 008 | 260507s9999||||xx |||||||||||||| ||und|| | ||
| 040 | _cfsecg | ||
| 041 | _aara | ||
| 082 | _a336.24 | ||
| 100 |
_aالمحاميد، موقف سمور علي _eمؤلف |
||
| 245 | 0 |
_aالطبيعة القانونية لقرارات تقدير ضريبة الدخل : _bدراسة مقارنة الأردن- مصر / _c موقف سمور علي المحاميد |
|
| 260 |
_aعمان: _bالدار العلمية الدولية, _c2001 |
||
| 300 |
_a196 صفحة؛ _bإيضاحات ؛ _c24 سم |
||
| 490 |
_aالمكتبة القانونية _v412 |
||
| 520 | _aقرارات تقدير ضريبة الدخل والطعن بها- التكييف القانوني لقرارات تقدير ضريبة الدخل- معايير التمييز بين القرار الإداري والعمل القضائي- تقييم موفق القضاء المصري من التكييف الفتاوي | ||
| 653 | _aالضرائب | ||
| 653 | _aضريبة الدخل | ||
| 942 | _cكتاب | ||
| 999 |
_c45279 _d45279 |
||